000 00583nam a2200205 a 4500
001 23644
003 CO-ViMGA
008 141112s2004 ck r 000 u spa d
020 _a9789583023804
040 _aCO-ViMGA
_bspa
_cCO-ViMGA
082 0 4 _aMISo
100 1 _aMisso, Isabella
_934160
245 1 0 _aLa ovejita y la nube /
_cIsabella Misso
260 _aColombia :
_bpanAméricana
300 _a32p.
650 1 4 _a2 : OVEJAS - CUENTOS INFANTILES
_934161
650 1 4 _a3 : NUBES - CUENTOS INFANTILES
_934162
650 1 4 _aCUENTOS INFANTILES ITALIANOS
_94586
942 _2ddc
_cBK
999 _c31755
_d31755